Datum a čas kvízu
35
Celkem bodů
Celkový počet nahraných bodů na tomto kvízu bez doplňovacích otázek.
1.
Pořadí na kvízu
Konečné umístění týmu na tomto kvízu.
Zaznamenané odpovědi
| # | Otázka | Odpověď | Body | Výsledky |
|---|---|---|---|---|
| 1. | Legendární vlak Orient Express... | 0 | ||
| 2. | V Evropské unii začalo platit... | 0 | ||
| 3. | Na fotce vidíme masku, pod kte... | 1 | ||
| 4. | Minulý týden byl ohlášen konec... | 1 | ||
| 5. | Dva góly a dvě typická oslavná... | 1 | ||
| 6. | Ukrajina patří mezi největší z... | 1 | ||
| 7. | Hlavním a největším městem Ukr... | 1 | ||
| 8. | Který z těchto mužů v současné... | 1 | ||
| 9. | Mezi nejtypičtější ukrajinské... | 1 | ||
| 10. | Ukrajina drží jeden zajímavý s... | 1 |